Mandūb Iblīs wa-qiṣaṣ ukhrā /

محفوظ في:

المؤلف الرئيسي: Najjār, Abd Al Latif Abd Al Hamid (مؤلف)

التنسيق: كتاب

اللغة: Arabic

الموضوعات:

الوسوم: إضافة وسم

لا توجد وسوم, كن أول من يضع وسما على هذه التسجيلة!

رقم الطلب:

LEADER 01226nam a2200205Ia 4500
005 20200201013306.0
008 130303k19201929xx g 000 1 ara d
100 1 |6 880-01  |a Najjār, Abd Al Latif Abd Al Hamid,  |e author. 
880 1 |6 100-01/(3/r  |a نجار، عبد اللطيف عبد الحميد.‪‪‪‪‪‪‪‪‪‪‪‪‪‪‪‪‪‪‪‪‪‪‪‪‪‪‪‪‪‪‪‪‪ 
245 1 0 |6 880-02  |a Mandūb Iblīs wa-qiṣaṣ ukhrā /  |c Abd Al Latif Abd Al Hamid Al Najjār. 
880 1 0 |6 245-02/(3/r  |a مندوب إبليس و قصص أخرى /‪‪‪‪‪‪‪‪‪‪‪‪‪‪‪‪‪‪‪‪‪‪‪‪‪‪‪‪‪‪‪‪‪  |c عبد اللطيف عبد الحميد النجار.‪‪‪‪‪‪‪‪‪‪‪‪‪‪‪‪‪‪‪‪‪‪‪‪‪‪‪‪‪‪‪‪‪ 
264 1 |a [Place of publication not identified :  |b Maktabat al-Mīrghanī,  |c 192-] 
300 |a pages ;  |c 24 cm 
336 |a text  |b txt  |2 rdacontent 
337 |a unmediated  |b n  |2 rdamedia 
338 |a volume  |b nc  |2 rdacarrier 
650 0 |a Arabic fiction  |z Egypt  |y 20th century. 
952 |0 0  |1 0  |2 lcc  |4 0  |7 1  |9 27607  |a ARCE  |b ARCE  |d 2022-01-25  |l 0  |r 2022-01-25 00:00:00  |w 2022-01-25  |y BK 
999 |c 24740  |d 24740 
942 |c BK  |2 lcc